000 00662nam a2200217Ia 4500
003 GCL
008 140319s9999 xx 000 0 ara d
040 _aGCL /
_cGCL
082 0 4 _a770
_bهـ ك
100 1 _aهيدجكو, جوت
245 1 0 _aكتاب التصوير الضوئى /
_cهيدجكو, جوت
700 1 _aدار طلاس
250 _aالاولى
260 _a[S.N] :
_bدار طلاس للدراسات والترجمة ،
_c1987
300 _a262 ص ؛
_c28 سم
650 0 4 _aالات التصوير
650 0 4 _aالتصوير الملون
650 0 4 _aالتصوير
650 0 4 _aالتصوير الضوئى
942 _2ddc
_cBK
999 _c44248
_d44248